000 01820nam a22001457a 4500
999 _c525526
_d525526
008 240319b ||||| |||| 00| 0 eng d
100 _aCha, Youngjoo, Weeden, Kim A. and Schnabel, Landon
_950310
245 _aIs the gender wage gap really a family wage gap in disguise?
260 _aAmerican Sociological Review
300 _a88(6), Dec, 2023: p.972-1001
520 _aDespite large literatures on gender and family wage gaps (e.g., the motherhood wage penalty, fatherhood wage premium, and the marriage premium) and widespread recognition that the two gaps are intertwined, the extent and pattern of their relationships are underexplored. Using data from the 2018 Survey of Income and Program Participation, we show that family wage gaps are strongly associated with the gender wage gap, as long assumed in the literature, but with important caveats. The gender-differentiated wage returns to parenthood contribute 29 percent of the gender wage gap. One third of this is associated with occupation, but very little with other worker and job attributes. The gender-differentiated returns to marriage contribute another 33 percent, two thirds of which is associated with worker and job attributes but very little with occupation. However, 36 percent of the gender wage gap is unrelated to these family wage gaps, and the gender wage gap among childless workers remains substantial. Moreover, for Black and Hispanic workers, the pattern of association is more complex and generally weaker than for White workers. These results caution against focusing solely on the wage gap between “mothers and others” and suggest new directions for research. – Reproduced https://journals.sagepub.com/doi/full/10.1177/00031224231212464
773 _aAmerican Sociological Review
906 _aWAGES
942 _cAR